Financial Management-An analytical and conceptual approach (Record no. 86323)

MARC details
000 -LEADER
fixed length control field 00511nam a2200193Ia 4500
008 - FIXED-LENGTH DATA ELEMENTS--GENERAL INFORMATION
fixed length control field 230125s9999 xx 000 0 und d
041 ## - LANGUAGE CODE
Language code of text/sound track or separate title eng
082 ## - DEWEY DECIMAL CLASSIFICATION NUMBER
Classification number 658.15
Item number KUC
100 ## - MAIN ENTRY--PERSONAL NAME
Personal name Kuchhal S C
9 (RLIN) 109626
245 ## - TITLE STATEMENT
Title Financial Management-An analytical and conceptual approach
250 ## - EDITION STATEMENT
Edition statement 13th ed
260 ## - PUBLICATION, DISTRIBUTION, ETC. (IMPRINT)
Date of publication, distribution, etc. 1996
Name of publisher, distributor, etc. Chaitanya Publishers
Place of publication, distribution, etc. New Delhi
300 ## - PHYSICAL DESCRIPTION
Extent 526p
500 ## - GENERAL NOTE
Keywords FM
650 ## - SUBJECT ADDED ENTRY--TOPICAL TERM
Topical term or geographic name as entry element Financial Management
700 ## - ADDED ENTRY--PERSONAL NAME
Personal name Kuchhal S C
9 (RLIN) 109626
906 ## - LOCAL DATA ELEMENT F, LDF (RLIN)
b 19
Holdings
Withdrawn status Lost status Damaged status Not for loan Home library Current library Date acquired Vendor Cost, normal purchase price Bill number Full call number Barcode Date last seen Cost, replacement price Bill Date Koha item type Original Barcode
Withdrawn       Smt. Hiraben Nanavati Institute of Management & Research for Women Smt. Hiraben Nanavati Institute of Management & Research for Women 22/01/1997 Varma Book Distributor 125.00 11431 658.15 KUC B00098 HIMR-BK-98 25/01/2023 106.00 15/01/1997 Books B00098